000 00435nam a2200145 i 4500
001 52073
003 ES-MaACL
007 t|
008 030825s1952 ag ||||1| spa d
100 1 _aCholvis, Francisco.
_938601
245 1 3 _aLa dimensión más económica de la empresa /
_cFrancisco Cholvis.
260 _aBuenos Aires :
_bPrometeo,
_c1952 (
_fMacland)
300 _a155 p. :
_bil. ;
_c23 cm.
852 _aES-MaACL
_jC-6647
_bR.37059
999 _c52073
_d52073